Úvod do štúdia analýzy kovariancie (ANCOVA) a jej využitie pri analýze sociálnej situácie slovenských domácností

Analýza kovariancie - ANCOVA patrí do pomerne veľkej množiny všeobecných lineárnych modelov. Umožňuje analyzovať vzťahy medzi jednou alebo viacerými vysvetľovanými premennými, ktoré stoja na jednej strane modelu a premennými, ktoré stoja na druhej strane všeobecného lineárneho modelu.

Guardado en:
Detalles Bibliográficos
Autor principal: Dúžik, Ondrej, 1989-
Formato: Capítulo de libro
Lenguaje:eslovaco
Materias:
Etiquetas: Agregar Etiqueta
Sin Etiquetas, Sea el primero en etiquetar este registro!

MARC

LEADER 00000nla a2200000 4500
001 0211678
005 20240502073530.2
041 0 |a slo 
044 |a SK 
245 1 0 |a Úvod do štúdia analýzy kovariancie (ANCOVA) a jej využitie pri analýze sociálnej situácie slovenských domácností  |c Ondrej Dúžik 
520 |a Analýza kovariancie - ANCOVA patrí do pomerne veľkej množiny všeobecných lineárnych modelov. Umožňuje analyzovať vzťahy medzi jednou alebo viacerými vysvetľovanými premennými, ktoré stoja na jednej strane modelu a premennými, ktoré stoja na druhej strane všeobecného lineárneho modelu. 
610 2 0 |a analýza regresná 
610 2 0 |a analýza korelačná 
610 2 0 |a metódy matematicko-štatistické 
610 2 0 |a modely lineárne 
610 2 0 |a vzorce 
610 2 0 |a situácia sociálna 
610 2 0 |a domácnosti 
100 1 |a Dúžik, Ondrej, 1989-